Countries That NBA Players Have Been Born In - Statistics

General Stats
  • This quiz has been taken 36 times
  • The average score is 59 of 75
Answer Stats
Answer % Correct
Canada
100%
Argentina
97%
France
97%
Spain
97%
Australia
94%
Brazil
94%
China
94%
Greece
94%
Italy
94%
Japan
94%
UK
94%
Croatia
91%
Germany
91%
Poland
91%
Slovenia
91%
Mexico
88%
Slovakia
88%
Turkey
88%
Cuba
85%
Egypt
85%
Ireland
85%
Latvia
85%
Lithuania
85%
Norway
85%
Russia
85%
Sweden
85%
Austria
82%
Bahamas
82%
Bosnia
82%
Dominican Republic
82%
Finland
82%
Haiti
82%
Iran
82%
Jamaica
82%
New Zealand
82%
Nigeria
82%
Portugal
82%
Serbia
82%
Sudan
82%
Angola
79%
Dominica
79%
Estonia
79%
Israel
79%
South Korea
79%
Ukraine
79%
Venezuela
79%
Cameroon
76%
Colombia
76%
Hungary
76%
Netherlands
76%
South Sudan
76%
Switzerland
76%
Bulgaria
74%
Czechia
74%
Denmark
74%
Ghana
74%
Romania
74%
Tanzania
74%
Iceland
71%
Montenegro
71%
Uruguay
71%
North Macedonia
68%
Panama
65%
Trinidad
62%
Guyana
59%
Lebanon
59%
Luxembourg
59%
Tunisia
59%
Senegal
56%
Gabon
53%
Mali
53%
Georgia
50%
Guinea
50%
DRC
38%
Cape Verde
21%
No matching quizzes found
Score Distribution
Percent of People with Each Score
Percentile by Number Answered
Your Score History
You have not taken this quiz